01169nam a22002657a 450000100040000000500170000402000430002102000180006404000230008205000210010508200170012610000370014324501170018026000340029730000560033150500080038752002500039552100200064552100200066565000390068565000610072465000530078565000350083870000300087365820231204113906.0 a9780545273220 (hardcover : alk. paper) a9780545556088 aDLCcDLCdDLCbeng00aQH515b.B26 201200a571.4/552231 aBang, Mollyeauthoreillustrator10aOcean sunlight :bhow tiny plants feed the seas /cby Molly Bang and Penny Chisholm ; illustrated by Molly Bang. aNew York :bScholastic,c2012 a48 unnumbered pages :bcolor illustrations ;c28 cm aM  aExplains how all life on the Earth depends, directly or indirectly, on light from the sun, and describes how all ocean life, from the tiniest plankton to great whales, including the creatures in the darkest depths, form a web that uses sunshine. a670 bLexile  aM bRaz-Plus  0aPhotobiologyvJuvenile literature. 0aMarine animalsxEffect of light onvJuvenile literature. 0aPlantsxEffect of light onvJuvenile literature. 0aSunshinevJuvenile literature.1 aChisholm, Pennyecoauthor